MARC details
| 000 -LEADER |
| fixed length control field |
01416nam a2200241 a 4500 |
| 008 - FIXED-LENGTH DATA ELEMENTS--GENERAL INFORMATION |
| fixed length control field |
120416s1994 ||||||||||||||||| || u |
| 020 ## - INTERNATIONAL STANDARD BOOK NUMBER |
| International Standard Book Number |
0471587338 |
| 050 ## - LIBRARY OF CONGRESS CALL NUMBER |
| Classification number |
HG 2040.15 Sir |
| 100 ## - MAIN ENTRY--PERSONAL NAME |
| Personal name |
Sirkin, David Andrew |
| 245 14 - TITLE STATEMENT |
| Title |
The home equity sharing manual |
| 260 ## - PUBLICATION, DISTRIBUTION, ETC. |
| Place of publication, distribution, etc. |
New York |
| Name of publisher, distributor, etc. |
John Wiley and Sons |
| Date of publication, distribution, etc. |
1994 |
| 300 ## - PHYSICAL DESCRIPTION |
| Extent |
xiv, 252 pages |
| 350 ## - |
| -- |
0.00 |
| 650 ## - SUBJECT ADDED ENTRY--TOPICAL TERM |
| Topical term or geographic name entry element |
House buying - United States - Case studies |
| 650 ## - SUBJECT ADDED ENTRY--TOPICAL TERM |
| Topical term or geographic name entry element |
Mortgage loans, Equity sharing - United States |
| 650 ## - SUBJECT ADDED ENTRY--TOPICAL TERM |
| Topical term or geographic name entry element |
REAL ESTATE INVESTMENT--UNITED STATES |
| 856 ## - ELECTRONIC LOCATION AND ACCESS |
| Uniform Resource Identifier |
http://www.loc.gov/catdir/toc/onix04/94006190.html |
| 995 ## - |
| -- |
MAIN LIBRARY OPEN ACCESS |
| -- |
0.00 |
| -- |
733655 |
| -- |
CBU-MAIN LIBRARY (Kitwe) |
| -- |
2 |
| -- |
19.95 |
| -- |
HG 2040.15 Sir |
| -- |
2 |
| -- |
AVAILABLE |
| -- |
45687 |
| -- |
Main Library Open Access Collection |
| 995 ## - |
| -- |
ANNEX COLLECTION (Main Library) |
| -- |
0.00 |
| -- |
733661 |
| -- |
CBU-MAIN LIBRARY (Kitwe) |
| -- |
1 |
| -- |
19.95 |
| -- |
HG 2040.15 Sir |
| -- |
1 |
| -- |
AVAILABLE |
| -- |
45682 |
| -- |
Annex Low-Usage Collection |
| 995 ## - |
| -- |
MAIN LIBRARY OPEN ACCESS |
| -- |
0.00 |
| -- |
45685 |
| -- |
CBU-MAIN LIBRARY (Kitwe) |
| -- |
5 |
| -- |
19.95 |
| -- |
HG 2040.15 Sir |
| -- |
AVAILABLE |
| -- |
45685 |
| -- |
Main Library Open Access Collection |
| 995 ## - |
| -- |
ANNEX COLLECTION (Main Library) |
| -- |
0.00 |
| -- |
733664 |
| -- |
CBU-MAIN LIBRARY (Kitwe) |
| -- |
3 |
| -- |
19.95 |
| -- |
HG 2040.15 Sir |
| -- |
3 |
| -- |
AVAILABLE |
| -- |
45689 |
| -- |
Annex Low-Usage Collection |
| 995 ## - |
| -- |
ANNEX COLLECTION (Main Library) |
| -- |
0.00 |
| -- |
733663 |
| -- |
CBU-MAIN LIBRARY (Kitwe) |
| -- |
4 |
| -- |
19.95 |
| -- |
HG 2040.15 Sir |
| -- |
4 |
| -- |
AVAILABLE |
| -- |
45690 |
| -- |
Annex Low-Usage Collection |
| 999 ## - |
| -- |
76332 |
| -- |
76332 |